| LEADER |
01346nlm0a2200277 450 |
| 001 |
16867389 |
| 100 |
|
|
|a 20250326d2025 u u0frey01 ba
|
| 101 |
0 |
|
|a fre
|
| 102 |
|
|
|a FR
|
| 200 |
0 |
|
|a femmes au balcon (Les)
|f Noémie Merlant, réal., scénario, act.
|g Uèle Lamore, comp. - Céline Sciamma, scénario - Souheila Yacoub, Sandra Codreanu, Lucas Bravo, Nadège Beausson-Diagne, Christophe Montenez, [et al.] act.
|
| 207 |
|
1 |
|a
|
| 210 |
|
|
|a Paris
|c Tandem
|d 2025
|
| 215 |
|
|
|a 1 DVD 2 couches sur une simple face (01 h 43 mn)
|c 16/9, coul., (PAL), Son. (Dolby Digital 2.0; français); (Dolby Digital 5.1; fran
|
| 300 |
|
|
|a Langues principales : français;
|
| 330 |
|
|
|a Trois femmes, dans un appartement à Marseille en pleine canicule. En face, leur mystérieux voisin, objet de tous les fantasmes. Elles se retrouvent coincées dans une affaire terrifiante et délirante avec comme seule quête, leur liberté.
|
| 700 |
|
0 |
|a Merlant
|b Noémie
|4 370
|
| 702 |
|
0 |
|a Sciamma
|b Céline
|4 690
|
| 702 |
|
0 |
|a Lamore
|b Uèle
|4 230
|
| 702 |
|
0 |
|a Yacoub
|b Souheila
|4 5
|
| 702 |
|
0 |
|a Codreanu
|b Sandra
|4 5
|
| 702 |
|
0 |
|a Bravo
|b Lucas
|4 5
|
| 702 |
|
0 |
|a Beausson-Diagne
|b Nadège
|4 5
|
| 702 |
|
0 |
|a Montenez
|b Christophe
|4 5
|
| 900 |
|
|
|a Film
|
| 901 |
|
|
|a Adultes
|
| 995 |
|
|
|a Médiathèque
|c Médiathèque
|f 00156008962789
|h 00156008962789
|k F MER
|o p
|q a
|r gf
|e Médiathèque
|